000 00398nam a22001577a 4500
003 OSt
008 231018b |||||||| |||| 00| 0 eng d
020 _a9781543342050
082 _a615.191 PAC
100 _aPAUL,SWARNALI
245 _aCONCISE COURSE IN PHARMACEUTICAL QUALITY ASSURANCE
260 _aJALANDER
_bS,VIKAS
_c2022
300 _a284,III
700 _aJASWANI,GUJAN
942 _2ddc
_cBK
999 _c12122
_d12122